Histoire des livres populaires ou de la littérature du colportage: depuis le XV siécle jusqu'à l'établissement de la Commision d'examen des livres du colportage (30 novembre 1852)
Gespeichert in:
| 1. Verfasser: | |
|---|---|
| Format: | keine Angabe |
| Sprache: | Französisch |
| Erschienen: |
Paris
Libraire d'Amyot , éditeur
1854
|
| Katalog: | MANES: Suchergebnis im Bibliothekskatalog |
| Schulbuchspezifische Eigenschaften: |
|
| Tags: |
Tag hinzufügen
Keine Tags, Fügen Sie den ersten Tag hinzu!
|
| Hinzugefügt zu: | 26.04.2016 |
MARC
| LEADER | 000000000a22000000004500 | ||
|---|---|---|---|
| 001 | 34276 | ||
| 003 | OSt | ||
| 008 | 160427s fr ||||| |||| 00| 0 fre d | ||
| 040 | |a manes |c manes | ||
| 041 | |a Francés | ||
| 100 | 1 | |a Nisard, Charles |9 19740 | |
| 245 | 0 | 0 | |a Histoire des livres populaires ou de la littérature du colportage: depuis le XV siécle jusqu'à l'établissement de la Commision d'examen des livres du colportage (30 novembre 1852) |
| 260 | 3 | |a Paris |b Libraire d'Amyot , éditeur |c 1854 | |
| 300 | |c 23 cm | ||
| 500 | |a Histoire de la littérature de colportage. |a Signatura Topográfica: 1464. Enc. piel. Ex-libris de George Lyle Galbraith. Contiene únicamente el Tomo II. Procedente del Instituto-Escuela de Segunda Enseñanza de Madrid. Edic.: T300: 2 v. La pag. del Tomo II es: 599 p., [1] h. de grab. pleg. Con ilustraciones. |a Vol. I (XVI, 580 p.). | ||
| 690 | 7 | |a LE | |
| 691 | 0 | |a SE | |
| 942 | |2 ddc |c BK | ||
| 546 | |a España | ||
| 999 | |c 41238 |d 41238 | ||
| 999 | |c manes:41238 |d 41238 | ||